000 00680nam a2200241Ia 4500
003 OSt
005 20220923223954.0
006 a|||||r|||| 00| 0
007 ta
008 Pun
024 _a223,721
037 _cTextual
040 _aARTS
_cARTS
_bPun
041 _2Pun
_aPun
082 _aNT1wN1, 153P3
100 _aਉੱਪਲ, ਕਮਲੇF
245 0 _aਰੰਗਮੰਚ ਦੇ Fਾਹਕਾਰ
260 _aਲੁਧਿਆਣਾ
_b ਚੇਤਨਾ ਪ੍ਰਕਾFਨ
_c2003
300 _a160ਪੰ
_ccm.
650 _aਵਧੀਆ ਕਲਾ
_9156314
942 _hNT1wN1, 153P3
_cTEXL
_2CC
999 _c368482
_d368482